|
|
|
|
| LEADER |
02892nam a2200781 i 4500 |
| 001 |
nkc20223445220 |
| 003 |
CZ PrNK |
| 005 |
20221222131645.0 |
| 007 |
ta |
| 008 |
220831s2022 xr a e 000 0acze |
| 015 |
|
|
|a cnb003445220
|
| 020 |
|
|
|a 978-80-242-8481-1
|q (vázáno)
|
| 035 |
|
|
|a (OCoLC)1357140955
|
| 040 |
|
|
|a BOA001
|b cze
|e rda
|
| 043 |
|
|
|a e-xr---
|a n-us---
|a n-us-nc
|a n-us-ny
|a n-us-il
|
| 045 |
|
|
|a y2y2
|
| 072 |
|
7 |
|a 913(7)
|x Geografie Severní Ameriky, reálie, cestování
|2 Konspekt
|9 7
|
| 072 |
|
7 |
|a 929
|x Biografie
|2 Konspekt
|9 8
|
| 080 |
|
|
|a 72.071.1
|2 MRF
|
| 080 |
|
|
|a 913:910.4
|2 MRF
|
| 080 |
|
|
|a 72
|2 MRF
|
| 080 |
|
|
|a 929
|2 MRF
|
| 080 |
|
|
|a 913(735.6)
|2 MRF
|
| 080 |
|
|
|a 913(734.7)
|2 MRF
|
| 080 |
|
|
|a 913(737.3)
|2 MRF
|
| 080 |
|
|
|a (437.3)
|2 MRF
|
| 080 |
|
|
|a (73)
|2 MRF
|
| 080 |
|
|
|a (735.6)
|2 MRF
|
| 080 |
|
|
|a (734.7)
|2 MRF
|
| 080 |
|
|
|a (737.3)
|2 MRF
|
| 080 |
|
|
|a (0:82-992)
|2 MRF
|
| 080 |
|
|
|a (0:82-94)
|2 MRF
|
| 100 |
1 |
|
|a Gebrian, Adam,
|d 1979-
|7 mzk2005274997
|4 aut
|4 pht
|
| 245 |
1 |
0 |
|a Sedm měsíců v Raleigh, New Yorku a Chicagu /
|c Adam Gebrian
|
| 250 |
|
|
|a Vydání první
|
| 264 |
|
1 |
|a Praha :
|b Euromedia Group,
|c 2022
|
| 300 |
|
|
|a 295 stran :
|b barevné ilustrace ;
|c 21 cm
|
| 336 |
|
|
|a text
|b txt
|2 rdacontent
|
| 336 |
|
|
|a statický obraz
|b sti
|2 rdacontent
|
| 337 |
|
|
|a bez média
|b n
|2 rdamedia
|
| 338 |
|
|
|a list
|b nb
|2 rdacarrier
|
| 490 |
1 |
|
|a Universum
|
| 600 |
1 |
7 |
|a Gebrian, Adam,
|d 1979-
|7 mzk2005274997
|2 czenas
|
| 648 |
|
7 |
|a 20.-21. století
|7 ch462155
|2 czenas
|
| 648 |
|
7 |
|a 2021-2030
|7 ch1094457
|2 czenas
|
| 648 |
|
7 |
|a 2021
|7 ch1128231
|2 czenas
|
| 650 |
0 |
7 |
|a architekti
|7 ph118582
|z Česko
|y 20.-21. století
|2 czenas
|
| 650 |
0 |
7 |
|a cesty a pobyt
|7 ph137578
|z Spojené státy americké
|y 2021-2030
|2 czenas
|
| 650 |
0 |
7 |
|a architektura
|7 ph118586
|z Spojené státy americké
|2 czenas
|
| 650 |
0 |
9 |
|a architects
|z Czechia
|y 20th-21st centuries
|2 eczenas
|
| 650 |
0 |
9 |
|a travels and stays
|z United States
|y 2021-2030
|2 eczenas
|
| 650 |
0 |
9 |
|a architecture
|z United States
|2 eczenas
|
| 651 |
|
7 |
|a Raleigh (Severní Karolína)
|7 ge383688
|x reálie
|2 czenas
|
| 651 |
|
7 |
|a New York (New York)
|7 ge130170
|x reálie
|2 czenas
|
| 651 |
|
7 |
|a Chicago (Illinois)
|7 ge128925
|x reálie
|2 czenas
|
| 651 |
|
9 |
|a Raleigh (North Carolina)
|x description and travel
|2 eczenas
|
| 651 |
|
9 |
|a New York (New York)
|x description and travel
|2 eczenas
|
| 651 |
|
9 |
|a Chicago (Illinois)
|x description and travel
|2 eczenas
|
| 655 |
|
7 |
|a cestopisy
|7 fd131956
|2 czenas
|
| 655 |
|
7 |
|a autobiografické vzpomínky
|7 fd131854
|2 czenas
|
| 655 |
|
9 |
|a books of travels
|2 eczenas
|
| 655 |
|
9 |
|a autobiographical reminiscences
|2 eczenas
|
| 830 |
|
0 |
|a Universum (Euromedia Group)
|0 s
|
| 910 |
2 |
|
|a BOA001
|b 2-1496.908
|
| 990 |
|
|
|a BK
|
| 995 |
|
|
|a 01
|
| 991 |
|
|
|b 202211
|c NOV
|
| 996 |
6 |
|
|b 2610921079
|c 2-1496.908
|l MZK
|r Sklad / do 1 hodiny
|n 4
|p p.v.
|w 001905295
|u 000010
|a 1
|e BOA001
|j MZK50
|s P
|